| 000 | 00922 a2200205 4500 | ||
|---|---|---|---|
| 001 | 59792 | ||
| 005 | 20260407155851.0 | ||
| 008 | 260407a1960 arg spa d | ||
| 003 | AR-UNSa-BCEJYS | ||
| 040 |
_aAR-UNSa-BCEJYS _bspa _cAR-UNSa-BCEJYS |
||
| 080 |
_a342.9 _xDerecho Administrativo |
||
| 245 | 1 | 0 | _aTratado de dominio público |
| 264 | 1 |
_aBuenos Aires : _bTEA (Tipográfica Editora Argentina) _c1960 |
|
| 300 |
_a599 p. _c23 cm. |
||
| 505 | _a1. Noción conceptual del dominio público - 2. Clasificación del dominio público – 3. Afectación y desafectación (creación y extinción del dominio público) – 4. Régimen y caracteres jurídicos del dominio público (Inalienabilidad e imprescriptibilidad) – 5. Tutela o protección del dominio público – 6. Uso del dominio público – | ||
| 041 | _aspa | ||
| 942 | _cBK | ||
| 590 | _aniveau_biblio:m niveau_hierar:0 | ||
| 100 | 1 | _aMarienhoff, Miguel S. | |
| 999 |
_c6825 _d6825 |
||